A new essay concerning the origin of ideas

Guardado en:
Bibliografiske detaljer
Hovedforfatter: Rosmini, Antonio
Format: Bog
Sprog:Undetermined
Udgivet: Estados Unidos Rosmini House, Durham 2001
Fag:
Tags: Tilføj Tag
Ingen Tags, Vær først til at tagge denne postø!

MARC

LEADER 00000nam a2200000Ia 4500
008 170316s9999 xx 000 0 und d
090 |a 100 R-34an v.1 
100 |a Rosmini, Antonio 
245 2 |a A new essay concerning the origin of ideas 
260 |a Estados Unidos 
260 |b Rosmini House, Durham 
260 |c 2001 
300 |a 444 páginas 
650 |a FILOSOFÍA 
650 |a MÉTODOS FILOSÓFICOS 
650 |a LOCKE 
650 |a CONDILLAC 
650 |a REID 
650 |a DUGALD STEWART 
650 |a PLATÓN 
650 |a ARISTÓTELES 
650 |a LEIBNIZ 
650 |a KANT 
999 |c 17445  |d 17445 
040 |a cru BVZT 
942 |c 15 D  |h 100 R-34an v.1  |2 z